Normal view MARC view
  • Schoenwolf, Gary C.; Bleyl, Steven B.; Brauer, Philip R.; Francis-West, Philippa H

Entry Personal Name

Number of records used in: 1

001 - CONTROL NUMBER

  • control field: 113448

003 - CONTROL NUMBER IDENTIFIER

  • control field: NUST

005 - DATE AND TIME OF LATEST TRANSACTION

  • control field: 20230707101227.0

008 - FIXED-LENGTH DATA ELEMENTS

  • fixed length control field: 230707|| aca||aabn | a|a d

040 ## - CATALOGING SOURCE

  • Original cataloging agency: NUST
  • Transcribing agency: NUST

100 ## - HEADING--PERSONAL NAME

  • Personal name: Schoenwolf, Gary C.; Bleyl, Steven B.; Brauer, Philip R.; Francis-West, Philippa H

670 ## - SOURCE DATA FOUND

  • Source citation: Work cat.: (NUST): Schoenwolf, Gary C.; Bleyl, Steven B.; Brauer, Philip R.; Francis-West, Philippa H. , Larsen's Human Embryology /, 2021.
© 2023 Central Library, National University of Sciences and Technology. All Rights Reserved.